Statistics for Country flags with no red or blue

Click here to take the quiz!

General Stats

  • This quiz has been taken 66 times
    (50 since last reset)
  • The average score is 6 of 11

Answer Stats

Starts withAnswer% Correct
jJamaica
78%
qQatar
75%
nNiger
69%
iIreland
64%
nNigeria
61%
pPakistan
50%
iIvory coast
47%
bBhutan
42%
sSaudi arabia
42%
lLatvia
36%
cCyprus
25%

Score Distribution

Percentile by Number Answered

Percent of People with Each Score

Your Score History

You have not taken this quiz since the last reset